[Event "SUI-chT"]
[Site "Switzerland"]
[Date "1994.??.??"]
[Round "4"]
[White "Preissmann, Emmanuel"]
[Black "Seybold, Bernhard"]
[Result "1/2-1/2"]
[WhiteElo "2310"]
[BlackElo "2095"]
[PlyCount "58"]
[EventDate "1994.??.??"]
[EventType "team-tourn"]
[EventRounds "9"]
[EventCountry "SUI"]
[SourceTitle "EXT 2000"]
[Source "ChessBase"]
[SourceDate "1999.11.16"]
[SourceVersion "1"]
[SourceVersionDate "1999.11.16"]
[SourceQuality "1"]

1. e4 d6 2. d4 Nf6 3. Nc3 g6 4. g3 Bg7 5. Bg2 Nbd7 6. f4 e5 7. Nf3 exd4 8. Nxd4 0-0 9. 0-0 c6 10. h3 Re8 11. Kh2 Nc5 12. Re1 Qc7 13. Nb3 Nxb3 14. axb3 a6 15. Be3 Be6 16. Qd2 Rad8 17. Qf2 Ra8 18. Rad1 b5 19. f5 gxf5 20. exf5 Bd7 21. Bf4 Rxe1 22. Qxe1 Bxf5 23. Rxd6 Re8 24. Qd1 Qa7 25. Rd8 Qe7 26. Rxe8+ Qxe8 27. g4 Bg6 28. Qd6 Ne4 29. Nxe4 Bxe4 1/2-1/2

[Event "SUI-chT"]
[Site "Switzerland"]
[Date "1994.??.??"]
[Round "7"]
[White "Seybold, Bernhard"]
[Black "Lematschko, Tatjana"]
[Result "0-1"]
[WhiteElo "2095"]
[BlackElo "2285"]
[PlyCount "142"]
[EventDate "1994.??.??"]
[EventType "team-tourn"]
[EventRounds "9"]
[EventCountry "SUI"]
[SourceTitle "EXT 2000"]
[Source "ChessBase"]
[SourceDate "1999.11.16"]
[SourceVersion "1"]
[SourceVersionDate "1999.11.16"]
[SourceQuality "1"]

1. Nf3 d5 2. g3 c5 3. Bg2 Nc6 4. d4 e6 5. 0-0 Nf6 6. c4 dxc4 7. Qa4 Bd7 8. dxc5 Bxc5 9. Qxc4 Qe7 10. Nc3 h6 11. e4 e5 12. Nd5 Nxd5 13. exd5 Nd4 14. Nxd4 Bxd4 15. Re1 Bc5 16. Bf4 f6 17. Be3 Bd6 18. Rac1 b6 19. f4 0-0 20. fxe5 fxe5 21. Be4 Kh8 22. Qe2 Rac8 23. Qh5 Qf7 24. Bg6 Qf3 25. Qxf3 Rxf3 26. Rxc8+ Bxc8 27. Bf4 Bb7 28. Be4 Bc5+ 29. Kh1 Rf2 30. Bxe5 Rd2 31. Bc3 Rxd5 32. Kg2 Rd7 33. Bxb7 Rxb7 34. Re6 Kg8 35. Rg6 Rd7 36. h4 Bd4 37. a4 Bxc3 38. bxc3 Rc7 39. a5 bxa5 40. Ra6 Rxc3 41. Rxa5 Rc7 42. Kf3 Re7 43. Rd5 Kf7 44. Rd6 Rb7 45. g4 Rb3+ 46. Kf4 Rb4+ 47. Kf3 a5 48. Ra6 Ra4 49. h5 Ra1 50. Ra7+ Kg8 51. Ke4 a4 52. Ra8+ Kh7 53. Kf3 a3 54. Kg2 a2 55. Kh2 g5 56. Ra7+ Kg8 57. Kg2 Kf8 58. Kh2 Ke8 59. Kg2 Kd8 60. Kh2 Kc8 61. Kg2 Kb8 62. Ra3 Kb7 63. Kh2 Kb6 64. Kg2 Kb5 65. Ra8 Kc4 66. Kh2 Kc3 67. Rc8+ Kd3 68. Ra8 Rc1 69. Ra3+ Rc3 70. Ra8 Rc2+ 71. Kg3 Kd2 0-1